| 000 | 00399nam a22001697a 4500 | ||
|---|---|---|---|
| 003 | OSt | ||
| 008 | 250419b |||||||| |||| 00| 0 eng d | ||
| 020 | _a9789386551276 | ||
| 082 | _a005.133 SHP | ||
| 100 | _aSHARMA,Pooja | ||
| 245 | _aProgramming in Python | ||
| 250 | _a1st Reprint Ed | ||
| 260 |
_aNew Delhi _bBPB _c2024 |
||
| 300 | _a301 | ||
| 650 | _aProgramming in Python | ||
| 942 |
_2ddc _cBK |
||
| 999 |
_c13347 _d13347 |
||